| 000 | 00572nam a2200169 a 4500 | ||
|---|---|---|---|
| 005 | 20240925063842.0 | ||
| 008 | 991125m19651979mx 000 0 spa u | ||
| 035 | _aUPN01000018791 | ||
| 049 | _aCG | ||
| 050 | 4 |
_aLB3051 _bW6.38 |
|
| 100 | 1 |
_aWood, Dorothy Adkins, _d1912- |
|
| 245 | 1 | 0 |
_aElaboración de tests : _bdesarrollo e interpretación de los tests de aprovechamiento / _cDorothy Adkins Wood ; tr. Rogelio Díaz-Guerrero. |
| 260 |
_aMéxico : _bTrillas, _c1965 (1979 impr.). |
||
| 300 | _a159 p. | ||
| 650 | 4 |
_aMediciones y pruebas educativas _94299 |
|
| 905 | _aLibro | ||
| 999 |
_c18791 _d18791 |
||